El Salvador: 15 de octubre de 1979, otro golpe de estado. ¿Hacia un proceso real de democratización o hacia un nuevo modelo de dominación?

Сохранить в:
Библиографические подробности
Главный автор: Córdova Macías, Ricardo
Формат: Текст
Опубликовано: San Salvador: s.e.
Метки: Добавить метку
Нет меток, Требуется 1-ая метка записи!

MARC

LEADER 00000 a a2200000 04500
001 21658
003
040 |a CRAI/IIS  |c CRAI/IIS 
090 |a 096500  
100 |a Córdova Macías, Ricardo  
245 |a El Salvador: 15 de octubre de 1979, otro golpe de estado. ¿Hacia un proceso real de democratización o hacia un nuevo modelo de dominación?  
260 |a San Salvador:   |b s.e.  
300 |a 41 h.  
999 |c 15467  |d 15467